00280nam a2200133Ia 4500100001800000650001200018366000700030654001300037245002400050260003500074082001700109300000800126546001200134 aFellers/Gary  aGeneral f20 ago wrong aWhy things go wrong bMagna PublishersaMumbaic1994 a658/FELbFEL a126 aENGLISH